| 000 | 00763cab a2200229 4500 | ||
|---|---|---|---|
| 001 | A353 | ||
| 008 | 090401t1993 xxu||||| |||| 00| 0 eng d | ||
| 035 | _a(Sirsi) u28639 | ||
| 041 | _aeng | ||
| 100 | _aBehr, N. | ||
| 245 | _aRents under assured tenancies: how landlords and tenants lose out | ||
| 260 | _c1993 | ||
| 350 | _a0 | ||
| 490 |
_aCS Monthly : General Practice _v2(6) March 1993, 7-8(2) |
||
| 520 | _aAn examination of the cases coming to court under Housing Act 1988 because tenants consider their rents are too high. | ||
| 650 | _aASSURED TENANCIES | ||
| 650 | _aHOUSING ACT 1988 | ||
| 650 | _aPROPERTY-RESIDENTIAL PROPERTY-RESIDENTIAL LANDLORD AND TENANT-RESIDENTIAL TENANCIES | ||
| 690 | _aHOUSING | ||
| 942 | _n0 | ||
| 948 | _c04/03/1997 | ||
| 999 |
_c19257 _d19257 |
||